000
00233nam a2200097Ia 4500
008
240331s9999 xx 000 0 und d
082
_b
HET
100
_a
Hettiarachchy, T
245
4
_a
The Sinhala peasant in changing society
942
_c
L
999
_c
2224
_d
2224